[Event "FICGS class M 000004 email"]
[Site "FICGS email"]
[Date "2006.04.23"]
[Round "1"]
[White "Mayer, Cristian"]
[Black "Koch, Christian"]
[Result "0-1"]
[WhiteElo "2233"]
[BlackElo "2238"]
[PlyCount "44"]
[EventDate "2006.??.??"]
[EventType "tourn (corr)"]
[EventRounds "6"]
[SourceTitle "Corr 2022"]
[Source "ChessBase"]
[SourceDate "2021.10.24"]
[SourceVersion "1"]
[SourceVersionDate "2021.10.24"]
[SourceQuality "1"]

1. e4 c5 2. Nf3 d6 3. d4 cxd4 4. Nxd4 Nf6 5. Nc3 a6 6. Be3 e5 7. Nb3 Be6 8. f3 Be7 9. Qd2 0-0 10. 0-0-0 Nbd7 11. g4 b5 12. g5 Nh5 13. Kb1 Nb6 14. Nd5 Nxd5 15. exd5 Bd7 16. Na5 Qc7 17. c4 f6 18. Rc1 Bf5+ 19. Ka1 bxc4 20. Rxc4 Qd7 21. h4 Ng3 22. Rg1 Nxf1 0-1

[Event "FICGS class M 000004 email"]
[Site "FICGS email"]
[Date "2006.04.23"]
[Round "1"]
[White "Mayer, Cristian"]
[Black "Sanner, Zdzislaw"]
[Result "1/2-1/2"]
[WhiteElo "2233"]
[BlackElo "2331"]
[PlyCount "37"]
[EventDate "2006.??.??"]
[EventType "tourn (corr)"]
[EventRounds "6"]
[SourceTitle "Corr 2022"]
[Source "ChessBase"]
[SourceDate "2021.10.24"]
[SourceVersion "1"]
[SourceVersionDate "2021.10.24"]
[SourceQuality "1"]

1. e4 Nf6 2. e5 Nd5 3. b3 g6 4. Bb2 Bg7 5. Nf3 0-0 6. d4 d6 7. c4 Nf4 8. Qd2 dxe5 9. Nxe5 Bxe5 10. dxe5 Qxd2+ 11. Nxd2 Bf5 12. g3 Nd3+ 13. Bxd3 Bxd3 14. f4 Nc6 15. Kf2 a5 16. Nf3 a4 17. Nd4 Nxd4 18. Bxd4 Rfd8 19. Ke3 1/2-1/2

[Event "FICGS class M 000004 email"]
[Site "FICGS email"]
[Date "2006.04.23"]
[Round "1"]
[White "Plant, Kevin D"]
[Black "Mayer, Cristian"]
[Result "1-0"]
[WhiteElo "2212"]
[BlackElo "2233"]
[PlyCount "41"]
[EventDate "2006.??.??"]
[EventType "tourn (corr)"]
[EventRounds "6"]
[SourceTitle "Corr 2022"]
[Source "ChessBase"]
[SourceDate "2021.10.24"]
[SourceVersion "1"]
[SourceVersionDate "2021.10.24"]
[SourceQuality "1"]

1. e4 c5 2. Nf3 d6 3. d4 cxd4 4. Nxd4 Nf6 5. Nc3 g6 6. Be3 Bg7 7. f3 0-0 8. Qd2 Nc6 9. 0-0-0 d5 10. exd5 Nxd5 11. Nxc6 bxc6 12. Bd4 Bxd4 13. Qxd4 Qb6 14. Na4 Qa5 15. b3 Bf5 16. Qc5 Qxc5 17. Nxc5 Rad8 18. g4 Bc8 19. Bc4 Ne3 20. Rxd8 Rxd8 21. Bd3 1-0

[Event "IECG CA.2006.0.00166 email"]
[Site "IECG email"]
[Date "2006.03.05"]
[Round "?"]
[White "Mayer, Cristian"]
[Black "Keller, Martin"]
[Result "0-1"]
[WhiteElo "2132"]
[BlackElo "2147"]
[PlyCount "22"]
[EventDate "2006.03.05"]
[EventType "tourn (corr)"]
[EventRounds "6"]
[SourceTitle "Corr 2024"]
[Source "ChessBase"]
[SourceDate "2023.10.19"]
[SourceVersion "1"]
[SourceVersionDate "2023.10.19"]
[SourceQuality "1"]

1. e4 c5 2. Nf3 d6 3. d4 cxd4 4. Nxd4 Nf6 5. Nc3 a6 6. Bc4 e6 7. Bb3 Nbd7 8. f4 Nc5 9. f5 Bd7 10. Bg5 Be7 11. Qf3 b5 0-1

[Event "IECG CA.2006.0.00166 email"]
[Site "IECG email"]
[Date "2006.03.05"]
[Round "?"]
[White "Pecotic, Kuzma"]
[Black "Mayer, Cristian"]
[Result "1-0"]
[WhiteElo "2047"]
[BlackElo "2132"]
[PlyCount "29"]
[EventDate "2006.03.05"]
[EventType "tourn (corr)"]
[EventRounds "6"]
[SourceTitle "Corr 2024"]
[Source "ChessBase"]
[SourceDate "2023.10.19"]
[SourceVersion "1"]
[SourceVersionDate "2023.10.19"]
[SourceQuality "1"]

1. d4 Nf6 2. c4 e6 3. Nc3 Bb4 4. e3 c5 5. Nf3 0-0 6. Bd3 d5 7. 0-0 Nc6 8. a3 Bxc3 9. bxc3 dxc4 10. Bxc4 Qc7 11. Bd3 e5 12. Qc2 Re8 13. e4 exd4 14. cxd4 Bg4 15. e5 1-0

[Event "IECC CL1-2005.18 email"]
[Site "IECC email"]
[Date "2006.01.10"]
[Round "?"]
[White "Le Duigou, Jean Guy"]
[Black "Mayer, Cristian"]
[Result "1/2-1/2"]
[WhiteElo "2262"]
[BlackElo "2198"]
[PlyCount "62"]
[EventDate "2005.??.??"]
[EventType "tourn (corr)"]
[EventRounds "4"]
[SourceTitle "Corr 2008"]
[Source "ChessBase"]
[SourceDate "2008.06.24"]
[SourceVersion "1"]
[SourceVersionDate "2008.06.24"]
[SourceQuality "1"]

1. Nf3 Nf6 2. c4 e6 3. d4 b6 4. g3 Bb7 5. Bg2 Be7 6. 0-0 0-0 7. Nc3 Ne4 8. Qc2 Nxc3 9. Qxc3 c5 10. Rd1 d6 11. b3 Bf6 12. Bb2 Qe7 13. Qc2 Nc6 14. e4 e5 15. d5 Nd4 16. Bxd4 exd4 17. Rab1 Rae8 18. Ne1 g6 19. Nd3 Bg7 20. Re1 Bc8 21. a3 f5 22. exf5 Qg5 23. Rxe8 Rxe8 24. fxg6 Qxg6 25. Qd1 Bh6 26. Bf3 Rf8 27. Bh5 Qe4 28. Qe2 Bf5 29. Qxe4 Bxe4 30. Be2 Re8 31. Kf1 Bf5 1/2-1/2

[Event "IECG QA.2005.0.00071"]
[Site "IECG email"]
[Date "2005.10.31"]
[Round "1"]
[White "Mayer, Cristian"]
[Black "Gucin, Zafer"]
[Result "1-0"]
[WhiteElo "2086"]
[BlackElo "2115"]
[PlyCount "27"]
[EventDate "2005.10.31"]
[EventType "tourn (corr)"]
[EventRounds "6"]
[SourceTitle "Corr 2024"]
[Source "ChessBase"]
[SourceDate "2023.10.19"]
[SourceVersion "1"]
[SourceVersionDate "2023.10.19"]
[SourceQuality "1"]

1. Nf3 c5 2. e4 Nc6 3. d4 cxd4 4. Nxd4 Nf6 5. Nc3 e5 6. Ndb5 d6 7. Bg5 a6 8. Bxf6 gxf6 9. Na3 b5 10. Nd5 f5 11. Nxb5 axb5 12. Bxb5 Bd7 13. exf5 Bg7 14. c3 1-0

[Event "CFriend SH-2005-0-00043 email"]
[Site "Chessfriend.com"]
[Date "2005.10.31"]
[Round "1"]
[White "Mayer, Cristian"]
[Black "Zhdanenia, Konstantin"]
[Result "0-1"]
[WhiteElo "2140"]
[BlackElo "2030"]
[PlyCount "24"]
[EventDate "2005.10.31"]
[EventType "tourn (corr)"]
[EventRounds "6"]
[SourceTitle "Corr 2024"]
[Source "ChessBase"]
[SourceDate "2023.10.19"]
[SourceVersion "1"]
[SourceVersionDate "2023.10.19"]
[SourceQuality "1"]

1. Nf3 e6 2. c4 Nf6 3. g3 d5 4. d4 Bb4+ 5. Bd2 Qe7 6. Bg2 Ne4 7. a3 Bxd2+ 8. Nbxd2 f5 9. 0-0 0-0 10. Qc2 c6 11. Rac1 Nd7 12. Rfd1 a5 0-1

[Event "IECG QA.2005.0.00071"]
[Site "IECG email"]
[Date "2005.10.31"]
[Round "2"]
[White "Ochoa, Arturo"]
[Black "Mayer, Cristian"]
[Result "1-0"]
[WhiteElo "1841"]
[BlackElo "2086"]
[PlyCount "55"]
[EventDate "2005.10.31"]
[EventType "tourn (corr)"]
[EventRounds "6"]
[SourceTitle "Corr 2008"]
[Source "ChessBase"]
[SourceDate "2008.06.24"]
[SourceVersion "1"]
[SourceVersionDate "2008.06.24"]
[SourceQuality "1"]

1. e4 c5 2. c3 Nf6 3. e5 Nd5 4. Nf3 e6 5. Bc4 Nb6 6. Bb3 d6 7. exd6 Bxd6 8. d4 cxd4 9. Qxd4 0-0 10. 0-0 Nc6 11. Qe4 Qc7 12. Ng5 f5 13. Qh4 h6 14. Nxe6 Bxe6 15. Bxe6+ Kh8 16. Bb3 f4 17. Nd2 Ne5 18. Bc2 Qf7 19. Qh3 Rad8 20. Nf3 Rfe8 21. Ng5 Qf6 22. Ne4 Qf7 23. Nxd6 Rxd6 24. Qf5 Qxf5 25. Bxf5 Nc6 26. b3 Rf6 27. Bh3 f3 28. c4 1-0

[Event "IECC CL1-2005.10 email"]
[Site "IECC email"]
[Date "2005.07.30"]
[Round "?"]
[White "Mayer, Cristian"]
[Black "Hosch, William"]
[Result "1/2-1/2"]
[WhiteElo "2275"]
[BlackElo "2274"]
[PlyCount "41"]
[EventDate "2005.??.??"]
[EventType "tourn (corr)"]
[EventRounds "4"]
[SourceTitle "Corr 2008"]
[Source "ChessBase"]
[SourceDate "2008.06.24"]
[SourceVersion "1"]
[SourceVersionDate "2008.06.24"]
[SourceQuality "1"]

1. d4 Nf6 2. c4 e6 3. Nf3 c5 4. e3 cxd4 5. exd4 Be7 6. Nc3 0-0 7. Bd3 d5 8. 0-0 dxc4 9. Bxc4 Nc6 10. a3 b6 11. Qd3 Bb7 12. Bg5 Rc8 13. Ba2 Rc7 14. Rad1 Rd7 15. Rfe1 h6 16. Bh4 Nxd4 17. Nxd4 Bc5 18. Nxe6 Rxd3 19. Nxd8 Rfxd8 20. Rxd3 Rxd3 21. Bxf6 1/2-1/2

[Event "IECG QM.2005.0.00086 email"]
[Site "IECG email"]
[Date "2005.06.09"]
[Round "?"]
[White "Gusakov, Viktor Vladimirovic"]
[Black "Mayer, Cristian"]
[Result "1/2-1/2"]
[WhiteElo "2301"]
[BlackElo "2413"]
[PlyCount "48"]
[EventDate "2005.06.09"]
[EventType "tourn (corr)"]
[EventRounds "6"]
[SourceTitle "Corr 2008"]
[Source "ChessBase"]
[SourceDate "2008.06.24"]
[SourceVersion "1"]
[SourceVersionDate "2008.06.24"]
[SourceQuality "1"]

1. e4 c5 2. Nf3 d6 3. Bb5+ Nd7 4. d4 Ngf6 5. 0-0 cxd4 6. Qxd4 a6 7. Bxd7+ Bxd7 8. Bg5 e6 9. Nbd2 Bc6 10. Rad1 Be7 11. Nc4 0-0 12. Rfe1 d5 13. exd5 Bxd5 14. Qe3 Rc8 15. Nb6 Bc5 16. Nxd5 Nxd5 17. Qe2 Qc7 18. c4 Ne7 19. b3 h6 20. Bd2 Nc6 21. Bc3 Rfd8 22. Ne5 Rxd1 23. Rxd1 Rd8 24. Rxd8+ Qxd8 1/2-1/2

[Event "IECG QM.2005.0.00086 email"]
[Site "IECG email"]
[Date "2005.06.09"]
[Round "?"]
[White "Mayer, Cristian"]
[Black "Ibar, Marcelo Rodolfo"]
[Result "1/2-1/2"]
[WhiteElo "2413"]
[BlackElo "2233"]
[PlyCount "34"]
[EventDate "2005.06.09"]
[EventType "tourn (corr)"]
[EventRounds "6"]
[SourceTitle "Corr 2008"]
[Source "ChessBase"]
[SourceDate "2008.06.24"]
[SourceVersion "1"]
[SourceVersionDate "2008.06.24"]
[SourceQuality "1"]

1. e4 e6 2. d4 d5 3. Nd2 dxe4 4. Nxe4 Nd7 5. Nf3 Ngf6 6. Bg5 Be7 7. Nxf6+ Bxf6 8. h4 h6 9. Bxf6 Qxf6 10. Qd2 0-0 11. 0-0-0 e5 12. Qe3 exd4 13. Rxd4 Nb6 14. Bd3 Qe6 15. Qe4 Qxe4 16. Rxe4 Bf5 17. Re3 Bxd3 1/2-1/2

[Event "IECG QM.2005.0.00086 email"]
[Site "IECG email"]
[Date "2005.06.09"]
[Round "?"]
[White "Mayer, Cristian"]
[Black "Korchut, Adam"]
[Result "1-0"]
[WhiteElo "2413"]
[BlackElo "2045"]
[PlyCount "83"]
[EventDate "2005.06.09"]
[EventType "tourn (corr)"]
[EventRounds "6"]
[SourceTitle "Corr 2008"]
[Source "ChessBase"]
[SourceDate "2008.06.24"]
[SourceVersion "1"]
[SourceVersionDate "2008.06.24"]
[SourceQuality "1"]

1. e4 e5 2. f4 exf4 3. Nf3 d5 4. exd5 Nf6 5. Bb5+ Nbd7 6. 0-0 Nxd5 7. c4 N5b6 8. Re1+ Be7 9. c5 c6 10. cxb6 cxb5 11. bxa7 Nf8 12. d4 Ng6 13. Nc3 Bg4 14. Nxb5 0-0 15. Qd3 Bd7 16. Bd2 Nh4 17. Bxf4 Nxf3+ 18. gxf3 Bh4 19. Re4 Bf5 20. Kh1 Qd7 21. Rg1 Bf6 22. a4 Rfc8 23. Nd6 Bxe4 24. fxe4 Rc6 25. e5 Rxd6 26. exd6 Qc6+ 27. d5 Qxa4 28. Be3 g6 29. Qf5 Bg7 30. Qf4 Qb5 31. Rd1 Bxb2 32. d7 Kg7 33. Bd4+ Bxd4 34. Qxd4+ f6 35. Re1 Qxd7 36. d6 Qf5 37. d7 Rd8 38. Rd1 Qf3+ 39. Kg1 Qf5 40. Qb4 Qg5+ 41. Kh1 Qe3 42. Qxb7 1-0

[Event "IECG CM.2005.0.00279"]
[Site "IECG email"]
[Date "2005.06.04"]
[Round "?"]
[White "Mayer, Cristian"]
[Black "Monacell, James P"]
[Result "1/2-1/2"]
[WhiteElo "2413"]
[BlackElo "2471"]
[PlyCount "56"]
[EventDate "2005.06.05"]
[EventType "tourn (corr)"]
[EventRounds "6"]
[SourceTitle "Corr 2008"]
[Source "ChessBase"]
[SourceDate "2008.06.24"]
[SourceVersion "1"]
[SourceVersionDate "2008.06.24"]
[SourceQuality "1"]

1. e4 c5 2. Nf3 e6 3. d4 cxd4 4. Nxd4 Nc6 5. Nb5 d6 6. c4 Nf6 7. N1c3 a6 8. Na3 Be7 9. Be2 0-0 10. 0-0 b6 11. Be3 Ne5 12. f4 Ned7 13. Bf3 Bb7 14. Qe2 Rc8 15. Rac1 h6 16. Rfd1 Qc7 17. g3 Rfe8 18. Kg2 Qb8 19. Nab1 Bc6 20. Nd2 b5 21. cxb5 axb5 22. b4 Nb6 23. Bf2 d5 24. e5 Nfd7 25. a3 Nc4 26. Nxc4 bxc4 27. Bd4 Qa8 28. Ra1 Ba4 1/2-1/2